Tunnettuja Johanna nimisiä henkilöitä - Statistics

Yleistilastot
  • Tätä visaa on pelattu 72 kertaa
  • Keskiarvotulos 3 / 15
Vastaustilastot
Vihje Vastaus % Oikein
Laulaja Johanna Kurkela
59%
Salarakas, kohujulkkis Johanna Tukiainen
57%
Tangokuningatar Johanna Pakonen
43%
Miss Suomi Johanna Raunio
40%
Elokuvaohjaaja Johanna Vuoksenmaa
19%
Juoksija Johanna Manninen
17%
Laulaja Johanna Försti
9%
Viulisti Johanna Koivu
5%
Tangokuningatar Johanna Debreczeni
3%
Oopperalaulaja Johanna Rusanen-Kartano
3%
Näyttelijä Johanna Nurmimaa
2%
Kirjailija Johanna Tuomola
2%
Pesäpalloilija Johanna Vikman
2%
Politiikan tutkija Johanna Vuorelma
2%
Laulaja Johanna Siekkinen
0%
Ehtoja vastaavia visoja ei löytynyt
Tulosjakauma
Jokaisen tuloksen saaneiden osuus
Persentiili vastausten määrän mukaan
Tuloshistoriasi
Et ole pelannut tätä visaa